Zenon d'élée prolégomènes aux doctrines du continu: étude historique et critique des fragments et témoignages

Saved in:
Bibliografiske detaljer
Hovedforfatter: Caveing, Maurice (Author)
Format: Bog
Sprog:fransk
Udgivet: París Librarie philosophique 1982
Serier:Histoire des doctrines de l'antiqué classique
Fag:
Tags: Tilføj Tag
Ingen Tags, Vær først til at tagge denne postø!

MARC

LEADER 00000nam a2200000 a 4500
001 UCY5831
003 CL-VaPUC
008 950512e19820000FR |||||||||||||||||fre|d
082 0 4 |a 180  |b CAV  |2 21 
100 0 |a Caveing, Maurice  |e author  |9 335152 
245 1 0 |a Zenon d'élée prolégomènes aux doctrines du continu: étude historique et critique des fragments et témoignages 
300 |a 242 p 
942 |c BK 
945 |d 19950512 00:00:00  |a oaravena 
260 |a París  |b Librarie philosophique  |c 1982 
600 0 7 |a ZENON  |2 CL-VaPUC  |9 335153 
600 0 7 |a PROLEGOMENES  |2 CL-VaPUC  |9 335154 
650 0 |a Metafísica  |9 265649 
650 7 |a FRAGMENTOS FILOSOFICOS  |2 CL-VaPUC  |9 335155 
650 0 |a Filosofía de las ciencias  |9 256466 
650 0 |a Presocráticos  |9 325852 
650 0 |a Filosofía antigua   |9 255705 
651 0 |a Grecia  |9 265314 
583 |a last modification  |c 19950512 00:00:00  |k Rodrigo Vera 
490 0 |a Histoire des doctrines de l'antiqué classique 
999 |c 233438  |d 233436 
952 |0 0  |1 0  |4 0  |6 180_000000000000000_CAV_1982  |7 0  |8 P  |9 238976  |a BIBEDU  |b BIBEDU  |c BIBEDU_PB  |d 2019-11-18  |i 1500112  |o 180 CAV 1982  |p 1500112  |r 2024-01-25  |w 2019-11-18  |y BK  |k FIL